Georgii Engelbrechtii, icti sereniss. ducis Brunsuic. et Luneburg. consiliarii et professoris iuris primarii in Academia Iulia commentatio de salvaguardia bom sicheren beleife

Detalles Bibliográficos
Autor principal: Engelbrechtius, Georgius
Formato: Libro
Lenguaje:Latin
Publicado: Ienae : litteris ac impensis Ioh. Christophori Croekeri, 1743.
Materias:
Colección:Banco de datos
Acervo:Fondo Bibliográfico Antiguo Víctor Manuel Castillo de la Universidad de Ciencias y Artes de Chiapas
Descripción Física:72 p. ; 4°
Tema general:Derecho civil
Notas:Portada tipográfica con pleca y grabado central xilográfico. Texto a renglón seguido. Incluye cabecera de título floreada en grabado xilográfico. Incluye capitular en grabado xilográfico
LEADER 00923nam a22001810004500
035 |a 1950 
041 0 |a lat 
100 1 |a Engelbrechtius, Georgius 
245 1 0 |a Georgii Engelbrechtii, icti sereniss. ducis Brunsuic. et Luneburg. consiliarii et professoris iuris primarii in Academia Iulia commentatio de salvaguardia bom sicheren beleife  
260 |a Ienae : litteris ac impensis Ioh. Christophori Croekeri, 1743. 
300 |a 72 p. ; 4° 
500 |a Portada tipográfica con pleca y grabado central xilográfico. Texto a renglón seguido. Incluye cabecera de título floreada en grabado xilográfico. Incluye capitular en grabado xilográfico 
501 |a 14 obras 
650 1 0 |a Derecho civil 
949 |a UNICACH, Colección de Víctor Manuel Castillo: 01433-L 
942 |c CHIACASTI 
943 |g Fondo Bibliográfico Antiguo Víctor Manuel Castillo de la Universidad de Ciencias y Artes de Chiapas 
999 |c 1100246  |d 1100246